000 00585nam a22001577a 4500
003 LK-CoDNM
005 20240911091421.0
008 240827b |||||||| |||| 00| 0 eng d
040 _aLK-CoDNM
_dLK-CoDNM
_eLK-CoDNM
041 _atam
080 _bGP1969-70
245 _aපාර්ලිමේන්තු ප්‍රකාශණ මාලා - 1969-670 - හත් වන පාර්ලිමේන්තුව
_bඅංක - 10
260 _aකොළඹ
_b මුද්‍රණ දෙපාර්තමේන්තුව
_c1969-70
300 _b231p. ; 24 cm
942 _cBK
999 _c149352
_d149352